000 01682nam0a22003251 4500
001 rc\3738567
005 20250610110056.0
021 _aRU
_b[73-17653]
035 _a(NLR Aleph) 007869312
090 _a7847206
_c7847206
100 _a20130115d1972 |||y0rusy50 ca
101 0 _arus
102 _aRU
105 _ay z |||||
200 1 _aСотрудничество предприятий (организаций, хозяйств) и общеобразовательных школ при подготовке учеников к выбору рабочих профессий
_e(Метод. письмо)
_fГос. ком. Совета Министров ЛитССР по использованию труд. ресурсов. М-во просвещения ЛитССР
210 _aВильнюс
_cБ. и.
_d1972
215 _a27 с.
_d20
300 _aНа обороте тит. л.: подгот. С. Триликаускис и Б. Брога
320 _aСписок лит.: с. 26-27
532 1 3 _aСотрудничество предприятий организаций, хозяйств и общеобразовательных школ при подготовке учеников к выбору рабочих профессий
606 _aПрофессиональная ориентация в школе
_2psbo
702 1 _aТриликаускис
_bС.
_4570
702 1 _aБрога
_bБ.
_4570
712 0 1 _aЛитССР. Комитет по использованию труд. ресурсов
801 0 _aRU
_bNLR
_gpsbo
801 1 _aRU
_bELAR
_2rusmarc
852 _aNLR
_j73-4/2438
942 _cBOOK
980 _aNB